01815nam a2200205 a 4500008004100000020001500041041000800056092001700064100002400081245009100105250001100196260003300207300001100240500012700251505098400378655001701362942001201379999001501391952020301406120515t1993 ag |||g |||| 001 0 spa d a9500413043 aspa c808l47sLAG1 aLagos, Ovidio93522 3aLa pasión de un aristócrata.bRegina Pacini y Marcelo T. de Alvear /cOvidio Lagos a1a ed. aBuenos Aires:bEmece;c1993. a294 p. aLagos, O. (1993). La pasión de un aristócrata. Regina Pacini y Marcelo T. de Alvear. (1a ed.). Buenos Aires : Emecé. aRegina Pacini era una cantante de ópera portuguesa de fama creciente cuando conoció a Marcelo T. de Alvear. El joven argentino, soltero codiciado por su nombre y su fortuna, daba por entonces sus pasos iniciales en política de la mano de Leandro Alem. Cuando escuchó cantar a Regina por primera vez, se convirtió en su ferviente admirador y la persiguió por los teatros líricos más importantes del mundo. El asedio culminó en romance y mas tarde en boda. Regina lo abandonó todo -carrera, familia y país- para seguir a su marido. Años después, Alvear fue elegido presidente de la Nación. Juntos compartieron momento de alegría y también duras pruebas: los viajes, las fiestas, la casa en París, la relación con Hipólito Irigoyen, las luchas políticas, la cárcel, el exilio, la fundación de la Casa del Teatro. Ovidio Lagos ha sabido pintar con estilo ágil y ameno una pareja única cuyo amor marcó una época de nuestro pasado.  aNovela93091 2ddccBK c2677d2677 00102ddc4070aBFMbBFMcCRd2018-03-06eDonación Dr. Julio Arce, Marzo 2018.l0o808 47 LAGp4187r2018-03-06tEj. 1w2018-03-06yLITzProyecto 4to libro. Donación Dr. Julio Arce, Marzo 2018.